Personaggi di fantasia - J - - Statistics

Statistiche generali
  • Questo quiz è stato fatto 2.337 volte
  • Il punteggio medio è 9 su 20
Statistiche sulle risposte
con Immagini Risposta % Corretto
Joker
97%
Jack Sparrow
94%
Jasmine
92%
John Wick
77%
James Bond
67%
Jessica Rabbit
63%
Jason Voorhees
61%
Joey Tribbiani
51%
Jabba the Hutt
50%
Jacob Black
50%
Jimmy Neutron
39%
Jigsaw
32%
Jar Jar Binks
31%
Juno MacGuff
30%
Jeeg Robot
27%
Joffrey Baratheon
25%
Jerry Maguire
20%
Jeffrey Lebowski
19%
Jacques Clouseau
11%
Jean-Luc Picard
10%
Nessun quiz corrispondente trovato
Distribuzione punteggi
Percentuale di utenti per punteggio
Percentile per numero di risposta
I tuoi punteggi nel tempo
Non hai fatto questo quiz